000 00448nam a2200169Ii 4500
003 JO-AjNU
008 230606s9999||||xx |||||||||||||| ||und||
040 _aJO-AjNU
_beng
_erda
_cJO-AjNU
041 _aeng
100 3 _aupdhyay,nitn,
_eauthor
_9292
245 0 0 _aprogramming languge
250 _a3 ed
264 3 1 _aS.Kataria sons,2007
336 _atext
_btxt
_2rdacontent
337 _aunmediated
_bn
_2rdamedia
338 _avolume
_bnc
_2rdacarrier
999 _aE153
_c153
_d153